| 000 | 00502 a2200181 4500 | ||
|---|---|---|---|
| 001 | 130082 | ||
| 022 | _a1679-656X | ||
| 040 | _cLeonardo Da Vinci | ||
| 041 | _aPortuguês | ||
| 082 |
_aRC 2010 _b2010 |
||
| 245 | _aRaça e Classe | ||
| 260 |
_bDesafio _aSão Paulo |
||
| 300 | _a44 | ||
| 362 | _a20100329 | ||
| 490 | _aRaça e Classe | ||
| 697 |
_aZumbi _aAbolição _aIdeologia Racista _aNeonazismo e Neofacismo _aPolíticas da Burguesia _aMovimento Negro _aTrotsky e Malcolm _aGhemat |
||
| 942 | _cCR | ||
| 999 |
_c130082 _d130082 |
||